000 00360nam a22001337a 4500
008 170922b xxu||||| |||| 00| 0 eng d
020 _a9789687460062
041 _aeng
080 _a902
100 _a45
101 _aARK
245 _aTHE FIRST GUIDE TO THE ESOTERIC FUNCTION OF THE TEMPLES AND PYRAMIDS OF ANCIENT CHICHEN ITZA
_cRIVERA,A
942 _2udc
_cBK
999 _c28943
_d28943